<?xml version="1.0" encoding="UTF-8"?>
<marc:record xmlns:marc="http://www.loc.gov/MARC21/slim">
   <marc:leader>00000nam a2200000 a 4500</marc:leader>
   <marc:datafield ind1="1" ind2=" " tag="100">
      <marc:subfield code="a">Raubaum, Lena; Seifert, Katja</marc:subfield>
      <marc:subfield code="4">aut</marc:subfield>
      <marc:subfield code="e">Verfasser/-in</marc:subfield>
   </marc:datafield>
   <marc:datafield ind1="1" ind2=" " tag="100">
      <marc:subfield code="a">Seifert, Katja</marc:subfield>
   </marc:datafield>
   <marc:datafield ind1="1" ind2=" " tag="100">
      <marc:subfield code="a">Raubaum, Lena</marc:subfield>
   </marc:datafield>
   <marc:datafield ind1="0" ind2="0" tag="245">
      <marc:subfield code="a">Ich hab da was für dich</marc:subfield>
   </marc:datafield>
   <marc:datafield ind1="0" ind2="0" tag="245">
      <marc:subfield code="b">Wortgeschenke und Gedankenstupser</marc:subfield>
   </marc:datafield>
   <marc:datafield ind1="0" ind2="0" tag="245">
      <marc:subfield code="c">Lena; Seifert, Katja Raubaum</marc:subfield>
   </marc:datafield>
   <marc:datafield ind1=" " ind2="1" tag="264">
      <marc:subfield code="a">Innsbruck ; Wien</marc:subfield>
      <marc:subfield code="b">Tyrolia-Verlag</marc:subfield>
      <marc:subfield code="c">2024</marc:subfield>
   </marc:datafield>
   <marc:datafield ind1="1" ind2=" " tag="520">
      <marc:subfield code="a">Wenn ein »Komodowaran« beginnt, »ohne Plan« durch die Gegend zu schlurfen, kann das »munter« zugehen &#x96; und schon ist nicht nur das Zimmer »bunter«, sondern auch die Landschaft der deutschsprachigen Kinderlyrik. Nicht weniger als das Lesen und das Leben werden in Lena Raubaums neuem Gedichtband (es ist der zweite dieser Art) zum Thema &#x96; Himmelsküsse und Flohkonzerte inklusive. Auch wenn der »Stabreim« wörtlich genommen wird und »10-Wort-Gedichte« die Sprachkreativität »schmetterlings« und »schmetterrechts« schaukeln lassen, ist es der Vierzeiler in seinen unterschiedlichen Reimvarianten, der dabei zur prägenden Form wird und für das »Hip« und »Hop«, das »Tipp« und »Topp« dessen sorgt, was niedergeschrieben wird: »Auf manchem Papier / steht Eier, Brot, Bier / auf manchem steht /&#x9b;Außer Betrieb!&#x8b;» Es ist das nur scheinbar Selbstverständliche, das Lena Raubaum (sprachlich) entdeckt und in neue (Wort-) Kontexte bringt. Ihr thematisch-motivischer Blick bleibt auf all das gerichtet, was nicht übersehen werden soll: Man könnte es eine Lyrik der Achtsamkeit nennen, wenn sie nicht nur einen Stein, sondern auch die Sprache selbst auf die Schaukel legt und »vorsichtig hin und her bewegt«; wenn sie nicht nur Geduld und Sorgsamkeit zum Thema macht, sondern auch Willenskraft und Lebensfreude. Oder Sommergedanken. Oder sonstige »Saugute Ideen«. Lena Raubaum hebt kleine Gedankenschätze und sucht dabei immer wieder die Nähe zum Aphorismus &#x96; oder zu dessen lyrisch-humor¬voller Verkehrung in charmante Sprachspiele: »Nichts im Leben ist von Dauer / dachte sich der Regen s c h a u e r« Begleitet von Katja Seiferts Vignetten, die die positive Grundstimmung in gelb-rote Körperbewegungen umsetzen, werden die emotionalen Unwägbarkeiten des Alltags aufgegriffen, wird die »Traurigkeit« aufs »Trampolin« geschickt, um dort mit der »Freude« in dynamischer Koexistenz zu gelangen. Egal ob auf »Leise Weise« oder mit »Knalleffekt« &#x96; es sind die oft unbemerkten Kleinigkeiten, die hier ihren großen Auftritt haben. Wo sonst findet man eine Miniaturhymne auf das »Spangerl«? »Dank dir in meinen langen Haaren / seh&#x92; ich mehr beim Fahrradfahren« ÖKJB-Preis 2025 - Jurybegründung: Die Wort-Akrobatin Lena Raubaum schafft es auch in ihrem zweiten Lyrikband, alle Altersgruppen mit herzerwärmenden, humorvollen und tiefgründigen Gedichten und Worten zu beschenken. Dies gelingt ihr nicht nur durch einen unerschöpflichen Vorrat an Sprachbildern, sondern auch durch eine feinfühlige Beobachtungsgabe, die alltägliche Dinge auf den Kopf stellt &#x96; wie im &#x84;Kopfstandgedicht&#x93;. Wohlklingende Wortspiele (&#x84;Wolken nuscheln&#x93;) treffen auf neue Perspektiven und witzige Pointen (&#x84;Mit freundlichen Füßen&#x93;) &#x96; immer im Dialog mit der kindlichen Gedankenwelt und wundervoll illustriert von Katja Seifert.</marc:subfield>
   </marc:datafield>
   <marc:datafield ind1=" " ind2=" " tag="020">
      <marc:subfield code="a">9783702242305</marc:subfield>
      <marc:subfield code="9">9783702242305</marc:subfield>
   </marc:datafield>
   <marc:datafield ind1=" " ind2=" " tag="020">
      <marc:subfield code="a">3702242309</marc:subfield>
      <marc:subfield code="9">3702242309</marc:subfield>
   </marc:datafield>
   <marc:datafield ind1=" " ind2=" " tag="300">
      <marc:subfield code="a">90 Seiten : Illustrationen</marc:subfield>
   </marc:datafield>
</marc:record>
